000
00325nam a22001577a 4500
003
SGT
020
_a
9789332558533
082
_b
LEV
100
_a
LEVINE IRA .N
245
_a
QUANTUM CHEMISTRY
250
_a
7TH
260
_b
PEARSON INDIA
_c
2018
300
_a
706
650
_a
PHYSICAL SCIENCE
942
_2
ddc
_c
BK
_0
2
999
_c
15860
_d
15860